书目信息 |
| 题名: |
北京市水污染防治条例条文解读
|
|
| 作者: | 潘涛 , 孙长虹 主编 | |
| 分册: | ||
| 出版信息: | 北京 中国环境科学出版社 2011.03 |
|
| 页数: | 335页 | |
| 开本: | 21cm | |
| 丛书名: | ||
| 单 册: | ||
| 中图分类: | D927.102.665 | |
| 科图分类: | ||
| 主题词: | 法律--中国 | |
| 电子资源: | ||
| ISBN: | 7-5111-0506-8 | |
| 000 | 00694nam0 2200205 450 | |
| 001 | 1531462194 | |
| 005 | 20151221084548.18 | |
| 010 | @a7-5111-0506-8@dCNY33.00 | |
| 100 | @a20151221d2011 km y0chiy0120 ea | |
| 101 | 0 | @achi |
| 102 | @aCN@b110000 | |
| 200 | 1 | @a北京市水污染防治条例条文解读@Abei jing shi shui wu ran fang zhi tiao li tiao wen jie du@f潘涛, 孙长虹主编@Fpan tao,sun chang hong zhu bian |
| 210 | @a北京@c中国环境科学出版社@d2011.03 | |
| 215 | @a335页@d21cm | |
| 606 | 0 | @a法律@x中国 |
| 690 | @aD927.102.665@v4 | |
| 701 | 0 | @a潘涛@Apan tao@4主编 |
| 701 | 0 | @a孙长虹@Asun chang hong@4主编 |
| 801 | 0 | @aCN@b大连网信软件有限公司图书馆·11@c20151221 |
| 905 | @aZUCC@dD927.102.665@eP236 | |
| 北京市水污染防治条例条文解读/潘涛, 孙长虹主编.-北京:中国环境科学出版社,2011.03 |
| 335页;21cm |
| ISBN 7-5111-0506-8:CNY33.00 |
| ● |
| 相关链接 |
|
|
|
正题名:北京市水污染防治条例条文解读
索取号:D927.102.665/P236
 
预约/预借
| 序号 | 登录号 | 条形码 | 馆藏地/架位号 | 状态 | 备注 |
| 1 | 1235223 | 212352238 | 法学院资料室/ [索取号:D927.102.665/P236] | 在馆 |